| 000 | 00459nam a2200145 4500 | ||
|---|---|---|---|
| 999 |
_c11535 _d11535 |
||
| 008 | 181210b ||||| |||| 00| 0 eng d | ||
| 022 | _a 2094-8042 | ||
| 082 | _aDPer 050 T48 Apr-June 2016 v. 187 n. 12-24 | ||
| 100 |
_933088 _aSimon, David |
||
| 245 |
_aIdris Elba: _ba true leading man/ _cDavid Simon. |
||
| 260 |
_aHong Kong: _bTime Asia, _cc2016. |
||
| 300 |
_av187 n16-17, page 58: _billustrations; _c27 cm. |
||
| 650 | 0 |
_933089 _aActors. |
|
| 942 |
_2ddc _cPER |
||